000 00413nam a22001577a 4500
005 20250915101009.0
008 250915b |||||||| |||| 00| 0 eng d
020 _a979-8-88715-018-5
100 _aKANE OLIVE
245 _aPLANTS, GENES, AND CROP BIOTECHNOLOGY
260 _aDUBLIN
_bORYSON PRESS
_c2023
300 _a271P.
500 _aINCLUDES AN INDEX
650 _aPLANT BIOTECHNOLOGY
942 _2lcc
_cBK
999 _c216081
_d216081